000 00417nam a2200169Ia 4500
008 131103s9999 xx 000 0 und d
040 _aLoreto College
041 _aEnglish
082 _aREF
_b3 LCBED/9291
100 _aAurora, Kamal
245 _aStory of the Taj
_cKamal Aurora
260 _aNew Delhi
_bVikas
_c[19?]
300 _a24p.
_b ill.
_c 24cm.
650 _aREF
850 _aLCBED/REF 3
942 _cBK
999 _c33815
_d84294